01781nam a2200301 4500001000400000003000400004005001700008008004100025020001800066040000800084041001300092082001500105100002300120240002200143245006500165260003200230300001100262490002400273500005000297520099100347650002501338650002001363650001401383655001201397655001601409700003001425830002401455188OSt20250528074014.0250131b |||||||e |||| 00| 1 eng d a9788565530835 bpor hengapor a813bD273s1 aDay, Sylviad1973- aCaptivated by you aSomente sua /cDay, Sylvia ; Tradução de Alexandre Boide aSão PaulobParalelac2014 a281 p.1 aCrossfirevLivro 04 aSomente sua Sequência de :Para sempre sua aGideon me chama de anjo, mas é ele o milagre na minha vida. Meu deslumbrante guerreiro ferido, determinado a destruir meus demônios, ao mesmo tempo em que se recusa a encarar os seus. Os votos que trocamos deveriam ter nos deixado mais próximos do que nunca. Em vez disso, abriram feridas antigas, expuseram dor e insegurança, e atraíram os meus inimigos a sair das sombras. Senti que ele se distanciava. Meus maiores medos pareciam virar realidade; meu amor estava sendo testado, me deixando em dúvida se seria forte o suficiente para aguentar. No momento mais alegre de nossas vidas, a escuridão do passado dele ressurge e ameaça tudo pelo que trabalhamos até agora. Teremos que encarar uma escolha terrível: a segurança da vida que tínhamos antes de nos conhecermos ou um futuro que de repente parece um sonho impossível e sem esperança… “Só penso em você. Todos os dias, o dia todo. Tudo que faço, faço pensando em você.” – Somente Sua 0aLiteratura Americana 0aAmor e Paixão 0aErótico 0aRomance 0aFicção  aAlexandre BoidieTradutor aCrossfirevLivro 04